A. WESLEY POWELL LEARNING RESOURCE CENTRE (WPLRC)

Wonderful Place to Learn, Research & Collaborate

Rehabilitation nursing procedures manual. (Record no. 4955)

MARC details
000 -LEADER
fixed length control field 01174pam a2200313 a 4500
001 - ACCESSION NUMBER
control field 013827502
003 - CONTROL NUMBER IDENTIFIER
control field UkOxU
005 - DATE AND TIME OF LATEST TRANSACTION
control field 20160104095100.0
008 - FIXED-LENGTH DATA ELEMENTS--GENERAL INFORMATION
fixed length control field 000327s1999 nyua 001 0 eng d
015 ## - NATIONAL BIBLIOGRAPHY NUMBER
National bibliography number GB A0-19814
020 ## - INTERNATIONAL STANDARD BOOK NUMBER
International Standard Book Number 0070482667
035 ## - SYSTEM CONTROL NUMBER
System control number BNB2585.452
040 ## - CATALOGING SOURCE
Original cataloging agency DNLM/DLC
Transcribing agency DLC
082 0# - DEWEY DECIMAL CLASSIFICATION NUMBER
Classification number 610.73/REH (32447)
Edition number 21
245 00 - TITLE STATEMENT
Title Rehabilitation nursing procedures manual.
250 ## - EDITION STATEMENT
Edition statement 2nd ed. /
Remainder of edition statement editors, Therese T. Alexander, Roberta J. Hiduke, Kathleen A. Stevens.
260 ## - PUBLICATION, DISTRIBUTION, ETC. (IMPRINT)
Place of publication, distribution, etc. New York ;
-- London :
Name of publisher, distributor, etc. McGraw-Hill, Health Professions Division,
Date of publication, distribution, etc. c1999.
300 ## - PHYSICAL DESCRIPTION
Extent xiv, 415 p. :
Other physical details ill. ;
Dimensions 28 cm.
500 ## - GENERAL NOTE
General note Rehabilitation Institute of Chicago - cover.
500 ## - GENERAL NOTE
General note Previous ed.: / Rehabilitation Institute of Chicago, Division of Nursing. Rockville, Md. : Aspen, 1990.
504 ## - BIBLIOGRAPHY, ETC. NOTE
Bibliography, etc Includes bibliographical references and index.
650 #0 - SUBJECT ADDED ENTRY--TOPICAL TERM
Topical term or geographic name as entry element Rehabilitation nursing
Form subdivision Handbooks, manuals, etc.
700 1# - ADDED ENTRY--PERSONAL NAME
Personal name Alexander, Therese T.
700 1# - ADDED ENTRY--PERSONAL NAME
Personal name Hiduke, Roberta J.
700 1# - ADDED ENTRY--PERSONAL NAME
Personal name Stevens, Kathleen A.
710 2# - ADDED ENTRY--CORPORATE NAME
Corporate name or jurisdiction name as entry element Rehabilitation Institute of Chicago.
942 ## - ADDED ENTRY ELEMENTS (KOHA)
Source of classification or shelving scheme Dewey Decimal Classification
Koha item type Books
Holdings
Withdrawn status Lost status Source of classification or shelving scheme Damaged status Not for loan Home library Current library Shelving location Date acquired Total Checkouts Full call number Barcode Date last seen Price effective from Koha item type
    Dewey Decimal Classification     Wesley Powell Learning Resource Centre Wesley Powell Learning Resource Centre General Stacks 01/04/2016   610.73/REH 32447 01/04/2016 01/04/2016 Books